000 00317nam a22001457a 4500
003 OSt
005 20211230085109.0
008 211230b |||||||| |||| 00| 0 eng d
020 _a0130886742
040 _cHU
082 _a005.576
100 _aTapadlya
_926196
245 _aCom+ProgrAmming
942 _2ddc
_cBOOKS
_n0
999 _c25125
_d25125